[Event "Benidorm op-A"]
[Site "Benidorm"]
[Date "2023.11.03"]
[Round "7"]
[White "Fernandez Vazquez, Jorge"]
[Black "Pedersen, Max Moe"]
[Result "1-0"]
[WhiteElo "1970"]
[BlackElo "2064"]
[PlyCount "37"]
[EventDate "2023.10.29"]
[EventType "swiss"]
[EventRounds "9"]
[EventCountry "ESP"]
[SourceTitle "CBM 217 Extra"]
[Source "ChessBase"]
[SourceDate "2024.01.31"]
[SourceVersion "1"]
[SourceVersionDate "2024.01.31"]
[SourceQuality "1"]

1. c4 c6 2. g3 d5 3. Nf3 Nf6 4. Bg2 dxc4 5. 0-0 Nbd7 6. Qc2 Nb6 7. Na3 Be6 8. Ne5 h5 9. Naxc4 Nxc4 10. Nxc4 h4 11. Ne5 hxg3 12. hxg3 Qd6 13. d4 Qxd4 14. Bf4 Nd5 15. Rfd1 Qb6 16. Bxd5 Bxd5 17. Rxd5 g5 18. Qf5 cxd5 19. Qd7# 1-0

[Event "Benidorm op-A"]
[Site "Benidorm"]
[Date "2023.10.31"]
[Round "3"]
[White "Pedersen, Max Moe"]
[Black "Vestby Ellingsen, Mads"]
[Result "1/2-1/2"]
[WhiteElo "2064"]
[BlackElo "2343"]
[PlyCount "83"]
[EventDate "2023.10.29"]
[EventType "swiss"]
[EventRounds "9"]
[EventCountry "ESP"]
[SourceTitle "CBM 217 Extra"]
[Source "ChessBase"]
[SourceDate "2024.01.31"]
[SourceVersion "1"]
[SourceVersionDate "2024.01.31"]
[SourceQuality "1"]

1. d4 Nf6 2. c4 e6 3. Nf3 c5 4. d5 exd5 5. cxd5 d6 6. Nc3 g6 7. Nd2 Bg7 8. e4 0-0 9. Be2 Re8 10. 0-0 Na6 11. f3 Nc7 12. a4 b6 13. Nc4 Ba6 14. Rb1 Rb8 15. Bd2 Nh5 16. g4 Bd4+ 17. Kh1 Ng7 18. b4 Bxc4 19. Bxc4 a6 20. Ne2 Bf6 21. bxc5 bxc5 22. Qc2 Rxb1 23. Rxb1 h5 24. h3 Rf8 25. Kg2 Be7 26. f4 Qc8 27. f5 g5 28. Qb2 Qe8 29. Qc2 Bf6 30. h4 Qd8 31. Qc1 Qe8 32. Bd3 gxh4 33. g5 Be5 34. f6 Qd7 35. fxg7 Qg4+ 36. Kf2 Bg3+ 37. Nxg3 Qxg3+ 38. Ke2 Qg4+ 39. Ke1 Qg1+ 40. Ke2 Qg4+ 41. Ke1 Qg1+ 42. Ke2 1/2-1/2

[Event "Fagernes Autumn op"]
[Site "Fagernes"]
[Date "2023.10.15"]
[Round "9"]
[White "Sian, Shadi"]
[Black "Pedersen, Max Moe"]
[Result "1/2-1/2"]
[WhiteElo "2146"]
[BlackElo "2064"]
[PlyCount "33"]
[EventDate "2023.10.08"]
[EventType "swiss"]
[EventRounds "9"]
[EventCountry "NOR"]
[SourceTitle "CBM 216 Extra"]
[Source "ChessBase"]
[SourceDate "2023.11.30"]
[SourceVersion "1"]
[SourceVersionDate "2023.11.30"]
[SourceQuality "1"]

1. c4 e6 2. Nc3 d5 3. d4 Nf6 4. cxd5 exd5 5. Bg5 Bb4 6. Qc2 h6 7. Bxf6 Qxf6 8. a3 Bxc3+ 9. Qxc3 c6 10. e3 0-0 11. Nf3 Bf5 12. Bd3 Nd7 13. 0-0 Rfe8 14. b4 Rac8 15. Rac1 a6 16. Nd2 Nb6 17. Qc2 1/2-1/2

[Event "Noisiel op 8th"]
[Site "Noisiel"]
[Date "2023.02.19"]
[Round "2"]
[White "Pedersen, Max Moe"]
[Black "Macon, Arthur"]
[Result "0-1"]
[WhiteElo "1948"]
[BlackElo "2327"]
[PlyCount "112"]
[EventDate "2023.02.18"]
[EventType "swiss"]
[EventRounds "9"]
[EventCountry "FRA"]
[SourceTitle "CBM 212 Extra"]
[Source "ChessBase"]
[SourceDate "2023.03.31"]
[SourceVersion "1"]
[SourceVersionDate "2023.03.31"]
[SourceQuality "1"]

1. d4 Nf6 2. c4 e6 3. Nf3 b6 4. g3 Ba6 5. b3 Bb4+ 6. Bd2 Be7 7. Nc3 Bb7 8. Bg2 d5 9. cxd5 exd5 10. 0-0 Ne4 11. Ne5 Nxc3 12. Bxc3 0-0 13. Qd2 Nd7 14. Rfd1 Nf6 15. b4 Ne4 16. Qc2 Bd6 17. Rac1 Qe8 18. Be1 Nf6 19. Nd3 Qe7 20. e3 Rfe8 21. Bc3 Bc8 22. Ne5 Bb7 23. Bb2 Qe6 24. b5 a6 25. a4 axb5 26. axb5 Ra5 27. Bc3 Ra7 28. Ra1 Rea8 29. Rxa7 Rxa7 30. Ra1 Rxa1+ 31. Bxa1 Qe8 32. Qa4 Bc8 33. Qa8 Be6 34. Qxe8+ Nxe8 35. Kf1 Ba3 36. Ke1 Nd6 37. Bf1 Kf8 38. Kd1 g5 39. Kc2 Ne4 40. f3 Nf6 41. Bd3 h5 42. Bc3 g4 43. Be2 Bf5+ 44. Kb3 Bc1 45. Bb4+ Ke8 46. e4 dxe4 47. f4 Be3 48. Bc4 Be6 49. Bxe6 fxe6 50. Nc6 Bg1 51. Be7 Nd5 52. Bh4 Bxh2 53. Nd8 Bxg3 54. Bxg3 Kxd8 55. Kc4 Ne3+ 56. Kc3 Nf5 0-1

[Event "NOR-chT Clubs"]
[Site "Drammen"]
[Date "2022.05.26"]
[Round "6"]
[White "Pedersen, Max Moe"]
[Black "Hobber, Anders"]
[Result "0-1"]
[WhiteElo "1763"]
[BlackElo "2376"]
[PlyCount "48"]
[EventDate "2022.05.26"]
[EventType "team-swiss"]
[EventRounds "6"]
[EventCountry "NOR"]
[SourceTitle "EXT 2024"]
[Source "ChessBase"]
[SourceDate "2023.10.10"]
[SourceVersion "1"]
[SourceVersionDate "2023.10.10"]
[SourceQuality "1"]
[WhiteTeam "Hell"]
[BlackTeam "Valerenga"]
[WhiteTeamCountry "NOR"]
[BlackTeamCountry "NOR"]

1. d4 d5 2. c4 c6 3. Nc3 Nf6 4. cxd5 cxd5 5. f3 Nc6 6. e4 e6 7. e5 Ng8 8. f4 Nh6 9. Nf3 Nf5 10. Bb5 h5 11. 0-0 Bd7 12. Kh1 h4 13. a3 Qb6 14. Bxc6 Bxc6 15. b4 Rc8 16. Qd3 Be7 17. Rb1 Bd7 18. Bd2 Rc4 19. Be3 Qa6 20. Rb3 Nxe3 21. b5 Bxb5 22. Qxe3 Rxc3 23. Qxc3 Bxf1 24. Qc8+ Bd8 0-1

[Event "NOR-chT Clubs"]
[Site "Drammen"]
[Date "2022.05.26"]
[Round "4"]
[White "Storbakken, Sander Elias"]
[Black "Pedersen, Max Moe"]
[Result "0-1"]
[WhiteElo "1074"]
[BlackElo "1763"]
[PlyCount "48"]
[EventDate "2022.05.26"]
[EventType "team-swiss"]
[EventRounds "6"]
[EventCountry "NOR"]
[SourceTitle "EXT 2024"]
[Source "ChessBase"]
[SourceDate "2023.10.10"]
[SourceVersion "1"]
[SourceVersionDate "2023.10.10"]
[SourceQuality "1"]
[WhiteTeam "Haugaland II"]
[BlackTeam "Hell"]
[WhiteTeamCountry "NOR"]
[BlackTeamCountry "NOR"]

1. d4 d5 2. Nf3 Nf6 3. c4 c6 4. Nc3 e6 5. Bg5 dxc4 6. e4 b5 7. Qc2 Be7 8. a3 0-0 9. Be2 Nbd7 10. 0-0 h6 11. Be3 Bb7 12. Rfd1 Qc7 13. e5 Nd5 14. Nxd5 exd5 15. Bd2 c5 16. Bf4 cxd4 17. Nxd4 Qb6 18. b3 Bc5 19. Be3 a5 20. a4 bxa4 21. bxc4 dxc4 22. Qxa4 Qg6 23. g3 Nxe5 24. Rab1 Qe4 0-1

[Event "Trondheim op-B"]
[Site "Trondheim"]
[Date "2021.06.17"]
[Round "4"]
[White "Pedersen, Max Moe"]
[Black "Skjelstad, Erling E"]
[Result "1-0"]
[WhiteElo "1659"]
[BlackElo "1721"]
[PlyCount "85"]
[EventDate "2021.05.10"]
[EventType "tourn"]
[EventRounds "7"]
[EventCountry "NOR"]
[SourceTitle "EXT 2024"]
[Source "ChessBase"]
[SourceDate "2023.10.10"]
[SourceVersion "1"]
[SourceVersionDate "2023.10.10"]
[SourceQuality "1"]

1. d4 f5 2. Bg5 Nf6 3. Bxf6 exf6 4. e3 d5 5. c4 c6 6. Nc3 Be6 7. Qb3 Qb6 8. cxd5 Qxb3 9. axb3 Bxd5 10. Nxd5 cxd5 11. Ne2 Nc6 12. Nf4 Bb4+ 13. Kd1 Rd8 14. Bb5 a5 15. Ne6 Rd7 16. Rc1 Kf7 17. Bxc6 bxc6 18. Rxc6 Rb8 19. Kc2 Rdb7 20. Nf4 Rb5 21. Ra1 Bf8 22. Nd3 g5 23. Ra2 h5 24. Rc7+ Kg6 25. h4 R8b6 26. hxg5 Bd6 27. Ra7 Rc6+ 28. Kd2 fxg5 29. R2xa5 Rxb3 30. Rxd5 Bb4+ 31. Nxb4 Rxb2+ 32. Kd3 Rb3+ 33. Ke2 Rxb4 34. Raa5 Rb2+ 35. Kf3 Rf6 36. g3 h4 37. gxh4 gxh4 38. Rd7 f4 39. exf4 h3 40. Rg5+ Kh6 41. Rgg7 Rb3+ 42. Ke4 Re6+ 43. Kf5 1-0

[Event "Trondheim op-B"]
[Site "Trondheim"]
[Date "2021.05.10"]
[Round "1"]
[White "Pedersen, Max Moe"]
[Black "Vasilijevic, Vili"]
[Result "1-0"]
[WhiteElo "1659"]
[BlackElo "1695"]
[PlyCount "71"]
[EventDate "2021.05.10"]
[EventType "tourn"]
[EventRounds "7"]
[EventCountry "NOR"]
[SourceTitle "EXT 2024"]
[Source "ChessBase"]
[SourceDate "2023.10.10"]
[SourceVersion "1"]
[SourceVersionDate "2023.10.10"]
[SourceQuality "1"]

1. d4 Nf6 2. Bg5 h6 3. Bxf6 exf6 4. e3 b6 5. Bd3 Bb7 6. Nf3 Nc6 7. Nbd2 g6 8. c3 Bg7 9. Qc2 f5 10. h4 h5 11. 0-0-0 Qe7 12. e4 f4 13. e5 0-0-0 14. Rde1 d6 15. exd6 Qxd6 16. Ng5 Rdf8 17. Bc4 Nd8 18. Qb3 Bxg2 19. Rhg1 f3 20. Nxf7 Nxf7 21. Bxf7 Bh6 22. Re4 Qf6 23. Bd5 c6 24. Qc4 Kb7 25. Bxc6+ Kb8 26. Rge1 Rc8 27. d5 Rhd8 28. Re6 Qf5 29. Re7 Rd7 30. Bxd7 Rxc4 31. Bxf5 gxf5 32. Re8+ Kc7 33. R1e7+ Kd6 34. Re6+ Kd7 35. Rxh6 Kxe8 36. Nxc4 1-0

[Event "Hell op"]
[Site "Hell"]
[Date "2019.08.08"]
[Round "7"]
[White "Pedersen, Max Moe"]
[Black "Bjorgvik, Jan Arne"]
[Result "0-1"]
[WhiteElo "1577"]
[BlackElo "1784"]
[PlyCount "70"]
[EventDate "2019.08.03"]
[EventType "swiss"]
[EventRounds "10"]
[EventCountry "NOR"]
[SourceTitle "CBM 191 Extra"]
[Source "ChessBase"]
[SourceDate "2019.09.30"]
[SourceVersion "1"]
[SourceVersionDate "2019.09.30"]
[SourceQuality "1"]

1. d4 d5 2. c4 e6 3. Nc3 Nf6 4. cxd5 exd5 5. Bg5 Be7 6. e3 0-0 7. Bd3 h6 8. Bh4 c6 9. Nge2 Re8 10. 0-0 Bd6 11. Qd2 Bxh2+ 12. Kh1 Bc7 13. e4 dxe4 14. Bc2 Bf5 15. g4 Bxg4 16. Rg1 Bf3+ 17. Rg2 Qd7 18. Kg1 Bxg2 19. Bxf6 Qh3 20. Ng3 e3 21. Qd3 exf2+ 22. Kxf2 Qxg3+ 23. Qxg3 Bxg3+ 24. Kxg3 Nd7 25. Bxg7 Kxg7 26. Kxg2 Nf6 27. Kf3 Rg8 28. Rh1 Rad8 29. Ne2 Nh7 30. Ng3 Ng5+ 31. Kf2 c5 32. Nf5+ Kf8 33. Rxh6 cxd4 34. Nd6 d3 35. Bb3 Rxd6 0-1